[Event "Adelaide Interclub-B"]
[Site "Adelaide"]
[Date "2010.06.29"]
[Round "9.2"]
[White "Ballantyne, Martin"]
[Black "Colliver, Scott"]
[Result "0-1"]
[WhiteElo "1122"]
[BlackElo "1413"]
[PlyCount "68"]
[EventDate "2010.05.04"]
[EventType "team-tourn"]
[EventRounds "9"]
[EventCountry "AUS"]
[SourceTitle "EXT 2023"]
[Source "ChessBase"]
[SourceDate "2022.10.05"]
[SourceVersion "1"]
[SourceVersionDate "2022.10.05"]
[SourceQuality "1"]

1. e4 e6 2. d4 d5 3. Nc3 Bb4 4. Bd2 Bxc3 5. Bxc3 dxe4 6. Qg4 Nf6 7. Qxg7 Rg8 8. Qh6 Rg6 9. Qd2 Nd5 10. 0-0-0 Nc6 11. Bc4 Rxg2 12. Bxd5 exd5 13. Rf1 Qg5 14. Qxg5 Rxg5 15. f4 Rg8 16. Ne2 Bh3 17. Rf2 Ke7 18. f5 Bg2 19. Rg1 Bf3 20. Ng3 Kf6 21. Re1 Ne7 22. Bd2 Nxf5 23. Nxf5 Kxf5 24. c3 Rg6 25. Ref1 Rag8 26. Rxf3+ exf3 27. Rxf3+ Ke4 28. Re3+ Kf5 29. Re7 R8g7 30. Rxc7 f6 31. Rc5 Ke4 32. Ra5 Kd3 33. Be1 Rg1 34. Kd1 Re7 0-1

[Event "Adelaide Interclub-B"]
[Site "Adelaide"]
[Date "2008.05.27"]
[Round "5.1"]
[White "Ballantyne, Martin"]
[Black "Searle, Zachary"]
[Result "0-1"]
[WhiteElo "931"]
[BlackElo "1422"]
[PlyCount "68"]
[EventDate "2008.04.29"]
[EventType "team-tourn"]
[EventRounds "9"]
[EventCountry "AUS"]
[SourceTitle "EXT 2010"]
[Source "ChessBase"]
[SourceDate "2010.11.25"]
[SourceVersion "1"]
[SourceVersionDate "2010.11.25"]
[SourceQuality "1"]

1. d4 d5 2. e3 Nf6 3. c4 c6 4. Nf3 e6 5. Nc3 Be7 6. Bd3 0-0 7. Qc2 Nbd7 8. Ng5 h6 9. Nf3 dxc4 10. Bxc4 b5 11. Bd3 a6 12. b3 Bb7 13. Bb2 c5 14. d5 exd5 15. Ne2 c4 16. Bf5 Bb4+ 17. Nc3 Bd6 18. 0-0 b4 19. Ne2 c3 20. Bc1 Ne5 21. Ned4 Qc7 22. Nh4 Nc6 23. Nhf3 Nxd4 24. exd4 Rfe8 25. g3 Bc8 26. Nh4 Bf8 27. Bf4 Bd6 28. Bxd6 Qxd6 29. Rae1 Bxf5 30. Nxf5 Qd7 31. Re2 Rxe2 32. Qxe2 Qxf5 33. Rc1 Qe4 34. Qf1 Qxd4 0-1

[Event "Adelaide Interclub-B"]
[Site "Adelaide"]
[Date "2008.05.13"]
[Round "3.1"]
[White "Ballantyne, Martin"]
[Black "Maric, Milan"]
[Result "1-0"]
[WhiteElo "931"]
[BlackElo "1433"]
[PlyCount "87"]
[EventDate "2008.04.29"]
[EventType "team-tourn"]
[EventRounds "9"]
[EventCountry "AUS"]
[SourceTitle "EXT 2010"]
[Source "ChessBase"]
[SourceDate "2010.11.25"]
[SourceVersion "1"]
[SourceVersionDate "2010.11.25"]
[SourceQuality "1"]

1. e4 e6 2. Nf3 d5 3. exd5 exd5 4. d4 Bg4 5. Be3 Nf6 6. c4 c6 7. Nc3 Be7 8. Be2 dxc4 9. Ne5 Bxe2 10. Qxe2 b5 11. Qf3 Qc8 12. Ne4 0-0 13. 0-0 Nd5 14. Rac1 Nd7 15. Ng4 Nxe3 16. fxe3 f5 17. Nh6+ gxh6 18. Qg3+ Kh8 19. Nd6 Bxd6 20. Qxd6 Rf6 21. Qg3 Qg8 22. Qc7 Qd5 23. Rf2 Re6 24. Rf3 Rg8 25. Rcf1 Reg6 26. g3 Qe6 27. R1f2 Rg5 28. Kf1 h5 29. h4 Rxg3 30. Rxg3 Rxg3 31. Qxg3 Nf6 32. Qe5 Qxe5 33. dxe5 Nd5 34. Ke2 c3 35. bxc3 Nxc3+ 36. Kd3 b4 37. e6 Nd5 38. Rxf5 Kg7 39. e4 Nf6 40. e7 Ne8 41. e5 Nc7 42. e6 Kg6 43. Ke4 Ne8 44. Rf8 1-0